| 000 | 00510nam a22001697a 4500 | ||
|---|---|---|---|
| 003 | NUST - PNEC | ||
| 005 | 20170116181114.0 | ||
| 008 | 151004b xxu||||| |||| 00| 0 eng d | ||
| 020 | _a0196360692 | ||
| 040 | _cLIBRARY | ||
| 082 | _a 954.030924 GRA | ||
| 100 |
_913104 _aGraham, George Farquhar Irving |
||
| 245 |
_aThe life and work of Sir Syed Ahmed Khan _c George Farquhar Irving Graham |
||
| 260 | _cc.1979 | ||
| 650 |
_913108 _aAḥmad K̲h̲ān̲, Sayyid, Sir, 1817-1898 _xBiography |
||
| 942 |
_2ddc _cBK |
||
| 999 |
_c69259 _d69259 |
||